Historia de El Belloto

Guardat en:
Dades bibliogràfiques
Autor principal: Salas Contreras, Oscar (Autor)
Format: Llibre
Idioma:espanyol
Publicat: Valparaíso, Chile s.n 1945
Matèries:
Etiquetes: Afegir etiqueta
Sense etiquetes, Sigues el primer a etiquetar aquest registre!

MARC

LEADER 00000nam a2200000 a 4500
001 UCZ2325
003 CL-VaPUC
005 20210804001420.0
008 950928e19450000CL |||||||||||||||||spa|d
999 |c 238951  |d 238949 
040 |c Pontificia Universidad Católica de Valparaíso 
082 0 4 |a 983.255 SAL 1945  |2 21 
100 0 |a Salas Contreras, Oscar  |e author  |9 346085 
245 1 0 |a Historia de El Belloto 
260 |a Valparaíso, Chile  |b s.n  |c 1945 
300 |a 54 páginas 
583 |a last modification  |c 20120904 10:02:16  |k Rodrigo Vera 
650 0 |a Historia  |x CIUDADES  |z EL BELLOTO  |z QUILPUE  |9 255047 
650 0 |a Ciudades  |z EL BELLOTO  |z QUILPUE  |z CHILE  |9 265474 
852 |a BIBCUR 
942 |c BK  |2 ddc 
945 |d 19950928 00:00:00  |a awong 
952 |0 0  |1 0  |2 ddc  |4 0  |6 983_255000000000000_SAL_1945  |7 0  |8 X  |9 249655  |a BIBHIS  |b BIBHIS  |d 2019-11-18  |i 3137392  |o 983.255 SAL 1945  |p 3137392  |r 2024-01-30  |t 1  |w 2019-11-18  |y BK_X  |k HIS